Statistics for Country Calling Codes by Letter: A

Click here to take the quiz!

General Stats

  • This quiz has been taken 8 times
  • The average score is 9 of 18

Answer Stats

CountryCode% Correct
Australia+61
100%
Austria+43
71%
Argentina+54
71%
Afghanistan+93
71%
Algeria+213
57%
Armenia+374
57%
Anguilla+1 264
43%
Antigua and Barbuda+1 268
43%
American Samoa+1 684
43%
Angola+244
43%
Ascension+247
43%
Aruba+297
43%
Albania+355
43%
Åland Islands+358 18
43%
Andorra+376
43%
Australian External Territories+672
43%
Australia Antarctic Territory+672 1
43%
Azerbaijan+994
43%

Score Distribution

Percentile by Number Answered

Percent of People with Each Score

Your Score History

You have not taken this quiz